000 00563nam a2200169 a 4500
001 000045579
005 20201002052327.0
008 150415s2011 dr a 000 p spa d
020 _a9789945473810
040 _aDO-SdBNP
_bspa
_cBNPHU
100 1 _aAlonso, Mercedes
_95900
245 1 3 _aEl día que todas las aves volaron al sol /
_cMercedes Alonso ; ilustraciones Hortensia Dejú.
260 _aSanto Domingo, :
_bSantuario,
_c2011.
300 _a81 p. :
_bil. ;
_c24 cm.
500 _aIncluye datos biografícos de la autora.
700 1 2 _aDejú, Hortensia
_973645
999 _c45068
_d45068